|
|
|
|
| LEADER |
01458nam a2200361 a 4500 |
| 001 |
000990598 |
| 003 |
CZ BrMZK |
| 005 |
20230703115401.0 |
| 007 |
ta |
| 008 |
010825s1999 xxka erp 000 0 eng |
| 020 |
|
|
|a 0435241222
|q (brož.)
|
| 040 |
|
|
|a BOA001
|b cze
|
| 072 |
|
7 |
|a 811.111
|x Angličtina
|2 Konspekt
|9 11
|
| 072 |
|
7 |
|a 37.016
|x Učební osnovy. Vyučovací předměty. Učebnice
|2 Konspekt
|9 22
|
| 080 |
|
|
|a 811.111
|2 MRF
|
| 080 |
|
|
|a 81'24:37.091.27
|2 MRF
|
| 080 |
|
|
|a (07.062)81
|2 MRF
|
| 100 |
1 |
|
|a Vince, Michael
|7 xx0002386
|4 aut
|
| 245 |
1 |
0 |
|a Elementary language practice :
|b with key /
|c Michael Vince
|
| 250 |
|
|
|a 1st pub.
|
| 260 |
|
|
|a Oxford :
|b Macmillan Heinemann,
|c 1999
|
| 300 |
|
|
|a 256 s. :
|b il.
|
| 650 |
0 |
7 |
|a angličtina
|7 ph114056
|2 czenas
|
| 650 |
0 |
7 |
|a jazykové zkoušky
|7 ph466388
|2 czenas
|
| 650 |
0 |
7 |
|a Key English Test
|7 ph499653
|2 czenas
|
| 653 |
0 |
|
|a jazyková úroveň A2
|
| 655 |
|
7 |
|a jazykové učebnice, texty, příručky (A)
|7 fd600889
|2 czenas
|
| 910 |
|
|
|a BOA001
|b AK-0005.000
|
| 990 |
|
|
|a BK
|
| 991 |
|
|
|b 200912
|y British Council Brno - Czech Republic
|z 000039161
|x 99
|
| 996 |
7 |
|
|b R10287W0391
|c AK-0005.000
|l Anglická knihovna/2.patro
|r ZHR
|n 78
|w 000990598
|u 000030
|a 0
|e BOA001
|j MZK50
|s A
|
| 996 |
7 |
|
|b R10288X0391
|c AK-0005.000
|l Anglická knihovna/2.patro
|r ZHR
|n 84
|h XK
|w 000990598
|u 000020
|a 0
|e BOA001
|j MZK50
|s A
|
| 996 |
7 |
|
|b R10289Z0391
|c AK-0005.000
|l Anglická knihovna/2.patro
|r ZHR
|n 80
|h XK
|w 000990598
|u 000010
|a 0
|e BOA001
|j MZK50
|s A
|